[Event "ISR-chT U14"]
[Site "Afula"]
[Date "2022.08.23"]
[Round "7"]
[White "Abitbul, Matan"]
[Black "Gal, Yoav"]
[Result "1-0"]
[WhiteElo "1258"]
[BlackElo "1446"]
[PlyCount "69"]
[EventDate "2022.08.21"]
[EventType "team-tourn"]
[EventRounds "9"]
[EventCountry "ISR"]
[SourceTitle "CBM 210 Extra"]
[Source "ChessBase"]
[SourceDate "2022.11.30"]
[SourceVersion "1"]
[SourceVersionDate "2022.11.30"]
[SourceQuality "1"]

1. e4 c5 2. Nc3 Nc6 3. f4 g6 4. Bc4 Bg7 5. d3 d6 6. Nf3 Nf6 7. e5 dxe5 8. fxe5 Ng4 9. e6 Bxe6 10. Bxe6 fxe6 11. Ng5 Qd4 12. Nce4 Ne3 13. Qe2 Nf5 14. Nxe6 Qe5 15. Nxg7+ Nxg7 16. 0-0 Ne6 17. c3 0-0-0 18. Be3 Rhf8 19. Nxc5 Rxf1+ 20. Rxf1 Nxc5 21. d4 Nxd4 22. cxd4 Rxd4 23. Qf2 Rd5 24. Rc1 b6 25. b4 Kd7 26. bxc5 bxc5 27. Bxc5 Qg5 28. Be3 Qe5 29. Bxa7 Qd6 30. Qc2 Ke6 31. Qc8+ Kf6 32. Rc6 Rd1+ 33. Kf2 Rd2+ 34. Kf3 Rd3+ 35. Be3 1-0

[Event "ISR-chT U14"]
[Site "Afula"]
[Date "2022.08.23"]
[Round "5"]
[White "Gal, Yoav"]
[Black "Wul, Kfir"]
[Result "0-1"]
[WhiteElo "1446"]
[BlackElo "1721"]
[PlyCount "90"]
[EventDate "2022.08.21"]
[EventType "team-tourn"]
[EventRounds "9"]
[EventCountry "ISR"]
[SourceTitle "CBM 210 Extra"]
[Source "ChessBase"]
[SourceDate "2022.11.30"]
[SourceVersion "1"]
[SourceVersionDate "2022.11.30"]
[SourceQuality "1"]

1. e4 c5 2. Nf3 d6 3. d4 cxd4 4. Nxd4 Nf6 5. Nc3 a6 6. Bc4 e6 7. Bb3 Be7 8. 0-0 0-0 9. f4 b5 10. Qd3 Bb7 11. f5 e5 12. Nde2 Nbd7 13. Qg3 Kh8 14. Qf3 Nc5 15. Bd5 Bxd5 16. exd5 b4 17. Nd1 e4 18. Qg3 Nxd5 19. Ne3 Nxe3 20. Bxe3 Bf6 21. Rad1 Be5 22. Qxe5 dxe5 23. Rxd8 Rfxd8 24. Bxc5 Rd2 25. Ng3 Rxc2 26. Nxe4 Rxb2 27. Rf3 a5 28. f6 gxf6 29. Nxf6 Rxa2 30. Rh3 Kg7 31. Be7 Kg6 32. Rh5 Ra6 33. h4 h6 34. Rxe5 Rxf6 35. Bxf6 Kxf6 36. Rb5 Ra3 37. Kf2 b3 38. Ke3 a4 39. Kd3 Ra2 40. Kc3 Rxg2 41. Rb4 Ra2 42. Rb6+ Kg7 43. Rb4 b2 44. Kc2 a3 45. Kb1 Ra1+ 0-1